000 00553nam a2200217Ia 4500
008 101110s9999 xx 000 0 und d
041 _aENGLISH
082 _bSR25491
100 _aJha S.M.
245 _aMarketing non-profit organisations
260 _c2004
_bHimalaya publication house, Mumbai
300 _a468
365 _b350
520 _aCommerce
546 _aENGLISH
630 _aMarketing non-profit organisations
650 _aCommerce
655 _aCommerce
730 _aMarketing non-profit organisations
942 _cBOOK
999 _c818106
_d818103